1753 1416 1395 1878 1178 1528 1190 1248 1216 1367 1472 1274 1418 1557 1083 1541 1683 1895 1026 1073 1975 1541 1457 1751 1611 1703 1517 1790 1094 1450 1327 1012 1949 1087 1679 1179 1764 1819 1511 1894 1688 1205 1573 1138 1343 1845 1581 1681 1765 1505 1931 1097 1405 1915 1485 1037 1405 1377 1239 1645 1104 1253 1347 1215 1703 1555 1404 1327 1567 1725 1051 1224 1005 1434 1116 1827 1569 1907 1013 1027 1843 1350 1234 1056 1920 1854 1544 1427 1679 1794 1940 1015 1700 1425 1044 1429 1035 1134 1457 BCNSPRNW ULIB Ver.6.0+V

เปลี่ยนเป็นภาษาไทย

Change to English
 แสดงรายละเอียดบรรณานุกรม
  กลับหน้าหลัก

Brief Record : Get Marc (ISO 2709) : E-mail record : QR code < ปิดหน้าต่าง
LEADER : 00000nam 2200000uu 4500
001    13399127444
003     ULIB
008    200525s2562||||th 000 0 tha d
020    ^a9786164858718
050  4 ^aPE1114^bณ339I
100 0  ^aณัฐพนธ์ เมธาภาคย์
245 10 ^aIntensive CU-TEP /^cMr. Buff & Ms. Aood ; จัดพิมพ์โดย ณัฐพนธ์เมธาภาคย์
246 30 ^aCU-TEP
250    ^aพิมพ์ครั้งที่ 1
260    ^aกรุงเทพฯ :^bแอคทีฟ พริ้นท์,^c2562
300    ^a362 หน้า ;^c26 ซม.
520    ^aสรุปเนื้อหาและเทคนิคในการทำข้อสอบทุกพาร์ท พร้อมแนวข้อสอบ CU-TEPและเฉลยอย่างละเอียด เพิ่มความมั่นใจก่อนสอบ CU-TEP
650  4 ^aภาษาอังกฤษ^xข้อสอบและเฉลย
650  4 ^aภาษาอังกฤษ^xการสอบ
700 0  ^aMr. Buff & Ms. Aood
945    ^p0^l0^i28324
999    ^aกัณชพร จุลอักษร
รายการนี้ยังไม่มีแท็ก
คุณยังไม่ได้ล็อกอิน คุณสามารถมีกิจกรรมร่วมกับเว็บไซต์ได้ แต่ต้องล็อกอินก่อน ::
  ล็อกอิน

รายการสื่อสารสนเทศ

ลำดับที่ ประเภท เลขเรียก/บาร์โค้ด สถานที่ สถานะ
1. หนังสือสำรอง
หนังสือสำรอง
PE1114 ณ339I ฉ.1 
  Barcode: 28324
ห้องสมุดวิทยาเขตนครสวรรค์
►หนังสือทั่วไป:l:General Books
ถูกยืม กำหนดส่งวันที่ 7 พฤศจิกายน 2567
  จอง

รายการใกล้เคียง
    ผู้แต่ง [ณัฐพนธ์ เมธาภาคย์]

BibComment


ยังไม่เคยถูกคอมเมนท์

คอมเมนท์ทรัพยากรรายการนี้
  คอมเมนท์: Intensive CUTEP ..


 Copyright 2026. Bcnsprnw @Library